| Tag |
First Indicator |
Second Indicator |
Subfields |
| LEADER |
00000cam a2200000 a 4500 |
| 001 |
in00001823521 |
| 005 |
20211202201753.0 |
| 008 |
040429s2003 laub sb f000 0 eng c |
| 035 |
|
|
|a (OCoLC)ocm55068091
|
| 040 |
|
|
|a GPO
|c GPO
|d MvI
|d UtOrBLW
|
| 042 |
|
|
|a pcc
|
| 043 |
|
|
|a n-us-la
|
| 049 |
|
|
|a UDOC
|
| 049 |
|
|
|a WWW
|
| 074 |
|
|
|a 0624-B
|
| 074 |
|
|
|a 0624-B (online)
|
| 086 |
0 |
|
|a I 19.42/4:03-4212
|
| 100 |
1 |
|
|a Frederick, C. Paul.
|
| 245 |
1 |
0 |
|a Water-quality characteristics of urban storm runoff at selected sites in East Baton Rouge Parish, Louisiana, February 1998 through April 2002 /
|c by C. Paul Frederick ; prepared in cooperation with the City of Baton Rouge and East Baton Rouge Parish.
|
| 264 |
|
1 |
|a Baton Rouge, LA :
|b U.S. Dept. of the Interior, U.S. Geological Survey ;
|c 2003.
|
| 264 |
|
2 |
|a Denver CO :
|b U.S. Geological Survey, Branch of Information Services [distributor],
|
| 300 |
|
|
|a iv, 24 pages :
|b maps ;
|c 28 cm.
|
| 336 |
|
|
|a text
|b txt
|2 rdacontent
|
| 337 |
|
|
|a computer
|b c
|2 rdamedia
|
| 338 |
|
|
|a unspecified
|b zu
|2 rdacarrier
|
| 490 |
1 |
|
|a Water-resources investigations report ;
|v 03-4212
|
| 500 |
|
|
|a Shipping list number: 2004-0152-P.
|
| 500 |
|
|
|a Shipping List Date: 04/29/2004
|
| 504 |
|
|
|a Includes bibliographical references (pages 17-18).
|
| 530 |
|
|
|a Also available via Internet at the USGS web site. Address as of 05/03/04: http://la.water.usgs.gov/pdfs/UrbanStormRunoff.pdf; current access available via PURL.
|
| 500 |
|
|
|a Electronic resource.
|
| 650 |
|
0 |
|a Urban runoff
|z Louisiana
|z East Baton Rouge Parish.
|
| 650 |
|
0 |
|a Water quality
|z Louisiana
|z East Baton Rouge Parish.
|
| 776 |
1 |
|
|a Frederick, C. Paul.
|t Water-quality characteristics of urban storm runoff at selected sites in East Baton Rouge Parish, Louisiana, February 1998 through April 2002
|w (OCoLC)55033982
|
| 710 |
1 |
|
|a Parish of East Baton Rouge and the City of Baton Rouge (La.)
|
| 710 |
2 |
|
|a Geological Survey (U.S.)
|
| 830 |
|
0 |
|a Water-resources investigations report ;
|v 03-4212.
|
| 856 |
4 |
1 |
|u https://purl.fdlp.gov/GPO/LPS48397
|t 0
|
| 999 |
|
|
|a MARS
|
| 999 |
f |
f |
|s 1fcc5c4e-0411-3778-906c-18a113fb5610
|i 5fe01e0e-f98c-3001-90f3-1c7c64d0d061
|t 0
|
| 952 |
f |
f |
|p normal
|a Texas A&M University
|b College Station
|c Sterling C. Evans Library
|d Evans: US Documents (Annex 5th floor)
|t 0
|e I 19.42/4:03-4212
|h Superintendent of Documents classification
|i unspecified -- unspecified
|m A14832101287
|
| 952 |
f |
f |
|a Texas A&M University
|b College Station
|c Electronic Resources
|d Available Online
|t 0
|e I 19.42/4:03-4212
|h Superintendent of Documents classification
|
| 998 |
f |
f |
|a I 19.42/4:03-4212
|t 0
|l Available Online
|
| 998 |
f |
f |
|a I 19.42/4:03-4212
|t 0
|l Evans: US Documents (Annex 5th floor)
|